| 000 | 02504nam0a2200409 4500 | ||
|---|---|---|---|
| 001 | RU\NLR\BIBL_A\011601651 | ||
| 005 | 20250626095903.0 | ||
| 020 |
_aRU _b11115 _9Сводный каталог листовок первых лет Советской власти (25 октября (7 ноября) 1917 - 1925) Т.4 (Ч.3). Листовки советских, партийных, профсоюзных, комсомольских и других организаций губерний РСФСР |
||
| 035 | _a(NLR Aleph) 011601651 | ||
| 090 |
_a10892657 _c10892657 |
||
| 100 | _a20180124d1921 |||y0rusy50 ca | ||
| 101 | 0 | _arus | |
| 102 | _aRU | ||
| 105 | _ay z 000zy | ||
| 135 | _acrcn 024apaba | ||
| 200 | 1 |
_aПриказ № 8 Вольского революционного комитета от 30 марта 1921 г. _e[о составления сведений о выдаче продуктов населению _eлистовка] |
|
| 210 |
_aВольск _cтип. Уполиграфотд. ВСНХ _d1921, [март] |
||
| 215 |
_a1 с. _c31х18 |
||
| 300 | _aПодписи: председатель Уревкома С. Чугунов; член А. Андреев; секретарь А. Локалов | ||
| 325 | 1 | _aКопия доступна в Электронной библиотеке РНБ | |
| 517 | 1 | _aО составления сведений о выдаче продуктов населению | |
| 607 |
_aРСФСР _jЛистовки _xПолитика и управление _y1917 - 1925 _92312782 _3RU\NLR\auth\6601609564 |
||
| 686 | 0 | _aТ3(2)71-313,011 | |
| 686 | 1 | _aТ3(2Р-4Са)713-2,011 | |
| 702 | 1 |
_4720 _aЧугунов _bС. И. _cдеятель уезд. управления, г. Вольск _9189023 _3RU\NLR\AUTH\770189074 |
|
| 702 | 1 |
_4720 _aАндреев _bА. _cучастник революц. движения, г. Вольск _9190096 _3RU\NLR\AUTH\770190147 |
|
| 702 | 1 |
_aЛокалов _bА. _cучастник революц. движения, г. Вольск _4720 |
|
| 710 | 0 | 2 |
_aВольский уездный революционный комитет _9588067 _3RU\NLR\AUTH\880462709 |
| 852 | 0 | 0 |
_aNLR _bФЛ _j51/38 |
| 942 | _cBOOK | ||
| 980 | _aNB | ||
| 981 | 2 | 1 |
_a(21) Листовки _b(21) Листовки 1921 года |